Logo BPK

Bibliografia Prac Pracowników

Politechniki Koszalińskiej

Potential for increasing the effectiveness of automated production systems due to application of single-pass grinding / (Rekord nr 3913)

Szczegóły MARC
000 -ETYKIETA REKORDU
podpole kontrolne o stałej długości 01481naa a2200241 i 4500
001 - NUMER KONTROLNY REKORDU
podpole kontrolne 3913
003 - IDENTYFIKATOR NUMERU KONTROLNEGO REKORDU
podpole kontrolne KOSZ 005
005 - DATA OSTATNIEJ MODYFIKACJI REKORDU
podpole kontrolne 20190606151714.0
008 - POLE O STAŁEJ DŁUGOŚCI - DANE KONTROLNE
podpole kontrolne o stałej długości 140526s2010 pl f |000 0 eng
040 ## - ŹRÓDŁO KATALOGOWANIA
Instytucja, która utworzyła rekord KOSZ 005
Instytucja, która sporządziła opis KOSZ 005
Instytucja, która dokonała modyfikacji KOSZ 005/HR
041 ## - KOD JĘZYKA
Kod języka tekstu eng
Kod języka streszczenia lub abstraktu pol
080 ## - UNIWERSALNA KLASYFIKACJA DZIESIĘTNA - UKD
UKD 621.922/.924
100 1# - NAZWA OSOBOWA
Nazwa osobowa NADOLNY, Krzysztof.
Lata pracy 2006 - .
Instytucja Politechnika Koszalińska - Wydział Mechaniczny,
Wydział Katedra Inżynierii Produkcji
245 10 - TYTUŁ/ODPOWIEDZIALNOŚĆ
Tytuł Potential for increasing the effectiveness of automated production systems due to application of single-pass grinding /
Pozostałe elementy strefy tytułu i oznaczenia odpowiedzialności Krzysztof Nadolny, Bronisław Słowiński.
246 ## - WARIANT TYTUŁU
Tytuł Możliwość zwiększenia efektywności zautomatyzowanych systemów produkcyjnych w wyniku zastosowania szlifowania jednoprzejściowego
500 ## - UWAGI OGÓLNE
Tekst uwagi Dane z autopsji.
520 ## - UWAGA DOTYCZĄCA TREŚCI DOKUMENTU
Analiza dokumentacyjna, adnotacja itp. W artykule omówiono zagadnienia poprawy efektywności zautomatyzowanych systemów produkcyjnych. Podano wskaźniki efektywności zautomatyzowanego procesu szlifowania oraz wyniki badań porównawczych w tym zakresie, dotyczące innowacyjnej metody jednoprzejściowego szlifowania wewnętrznych powierzchni walcowych.
650 #0 - HASŁO PRZEDMIOTOWE W FORMIE NAZWY OGÓLNEJ LUB JEDNOSTKOWEJ
Nazwa ogólna lub geograficzna Powierzchnia.
650 #0 - HASŁO PRZEDMIOTOWE W FORMIE NAZWY OGÓLNEJ LUB JEDNOSTKOWEJ
Nazwa ogólna lub geograficzna Szlifowanie
700 1# - HASŁO DODATKOWE - NAZWA OSOBOWA
Nazwa osobowa SŁOWIŃSKI, Bronisław.
Lata pracy 1996 - .
Instytucja Politechnika Koszalińska - Wydział Mechaniczny,
Wydział Katedra Inżynierii Produkcji, Zakład Metrologii i Jakości
773 0# - TYTUŁ DOKUMENTU MACIERZYSTEGO
Wyrażenie wprowadzające W :
Tytuł Advances in Manufacturing Science and Technology
Informacje dotyczące relacji 2010, T. 34, nr 2, s. 19-30
ISSN 1895-9881
942 ## - HASŁO DODATKOWE - ELEMENTY(KOHA)
Typ dokumentu Artykuł
Schemat klasyfikacji Uniwersalna klasyfikacja dziesiętna
Egzemplarze
Wycofany Zagubiony Uszkodzony Dostępność Lokalizacja stała Lokalizacja bieżąca Sygnatura Typ dokumentu
      Dostępny Bibliografia Prac Pracowników - BPK Bibliografia Prac Pracowników - BPK 0953 Artykuł
© 2014 Biblioteka Politechniki Koszalińskiej :: BIBLIOGRAFIA PRAC PRACOWNIKÓW